Clave y misterio de la conciencia social alienada : reflexiones sobre la alienación y el fetichismo /
Gardado en:
| Autor Principal: | |
|---|---|
| Formato: | Libro |
| Idioma: | Lingua castelá |
| Publicado: |
Colotlán, México :
Universidad de Guadalajara, Centro Universitario del Norte,
2003, c2003
|
| Temas: | |
| Etiquetas: |
Sen Etiquetas, Sexa o primeiro en etiquetar este rexistro!
|
MARC
| LEADER | 00000nam^a2200000^a^4500 | ||
|---|---|---|---|
| 001 | 000161115 | ||
| 005 | 20250521000000.0 | ||
| 009 | 20260310100748.31 | ||
| 020 | |a 970-27-0393-X | ||
| 037 | |a Acervo ITESO - Biblioteca | ||
| 041 | |a ESP | ||
| 082 | |a 302. 544 |b GIL | ||
| 100 | |a Gilabert, César |e (autor) | ||
| 245 | 1 | 0 | |a Clave y misterio de la conciencia social alienada : |b reflexiones sobre la alienación y el fetichismo / |c C. Gilabert. |
| 264 | 4 | |a Colotlán, México : |b Universidad de Guadalajara, Centro Universitario del Norte, |c 2003, c2003 | |
| 300 | |a 103 p. | ||
| 336 | |a texto |b txt |2 rdacontenido | ||
| 337 | |a sin mediación |b n |2 rdamedio | ||
| 338 | |a volumen |b nc |2 rdasoporte | ||
| 649 | |a XX | ||
| 650 | |a Filósofos Alemanes | ||
| 650 | |a Alienación - |x Teoría | ||
| 650 | |a Impacto Ambiental | ||
| 650 | |a Problemas Sociales | ||
| 650 | |a Desarrollo Sustentable | ||
| 650 | |a Desarrollo Económico-Social | ||
| 650 | |a Conservación y Protección Ambiental | ||
| 650 | |a Recursos Naturales | ||
| 650 | |a Economía Internacional | ||
| 650 | |a Ecología Social | ||
| 650 | |a Globalización | ||
| 650 | |a Sociedad Postindustrial | ||
| 650 | |a Sociología de la Economía | ||
| 650 | |a Marx, Karl | ||
| 600 | |a Hegel, Friedrich | ||
| 910 | |a Fondo General | ||
| 920 | |a Impresos - Libros | ||
| 930 | |a Colección General | ||
| 905 | |a 101 | ||
| 901 | |a 0500092431 |b IT1 |c ACC |u 20250521 | ||
| 902 | |a https://opac.biblio.iteso.mx/vufind/Record/000161115 | ||